| 000 | 01099cam a22003371 4500 | ||
|---|---|---|---|
| 001 | 5332 | ||
| 003 | BD-RjUL | ||
| 005 | 20211208234041.0 | ||
| 008 | 131224s1936 xx b 001 0 eng | ||
| 035 |
_a(OCoLC)ocm01133908 _a(BD-RjUL)5368 |
||
| 035 | _a(NNC)4765776 | ||
| 040 |
_aNLM _cNLM _dPSM _dOCLCQ _dZCU _dBD-RjUL _beng |
||
| 041 | _aeng | ||
| 060 | 0 | 0 |
_aWS 113 _bR625e 1936 |
| 060 | 0 | 0 | _aFilm 9533 no. 2 |
| 082 |
_a370.15 _bRIE |
||
| 099 |
_a131 _aR62 |
||
| 100 | 1 |
_aRivlin, Harry N. _q(Harry Nathaniel), _d1904-1991. _916761 |
|
| 245 | 1 | 0 |
_aEducating for adjustment; _bthe classroom applications of mental hygiene, _cby Harry N. Rivlin ... |
| 260 |
_aNew York, London : _bD. Appleton-Century Co. , _cc1936. |
||
| 300 |
_axiv p., 419 p. ; _c19 cm. |
||
| 504 | _aIncludes Bibliography at end of each chapter and index. | ||
| 650 | 2 |
_aChild Guidance. _916194 |
|
| 650 | 0 |
_aMental health. _916762 |
|
| 650 | 0 |
_aExceptional children. _916763 |
|
| 650 | 0 |
_aChild development. _95451 |
|
| 650 | 0 |
_aChild psychology. _93848 |
|
| 942 |
_2ddc _cBK |
||
| 999 |
_c5332 _d5332 |
||